<?xml version="1.0" encoding="UTF-8"?>
<collection xmlns="http://www.loc.gov/MARC21/slim">
 <record>
  <leader>20570nas a22018371  4500</leader>
  <controlfield tag="001">1/50305</controlfield>
  <controlfield tag="008">020625c19899999gr mrzp           g0gre d</controlfield>
  <datafield tag="035" ind1=" " ind2=" ">
   <subfield code="l">23876</subfield>
  </datafield>
  <datafield tag="040" ind1=" " ind2=" ">
   <subfield code="a">GR-PeUP</subfield>
  </datafield>
  <datafield tag="090" ind1=" " ind2=" ">
   <subfield code="a">Αλφαβητική σειρά</subfield>
  </datafield>
  <datafield tag="245" ind1="0" ind2="0">
   <subfield code="a">Χρήμα</subfield>
  </datafield>
  <datafield tag="260" ind1=" " ind2=" ">
   <subfield code="a">Αθήνα :</subfield>
   <subfield code="b">ΜεταΧόλντινγκ Α.Ε.,</subfield>
   <subfield code="c">[1989]-</subfield>
  </datafield>
  <datafield tag="300" ind1=" " ind2=" ">
   <subfield code="a">τ. :</subfield>
   <subfield code="b">εικ. ;</subfield>
   <subfield code="c">28 εκ.</subfield>
  </datafield>
  <datafield tag="310" ind1=" " ind2=" ">
   <subfield code="a">Μηνιαίο</subfield>
  </datafield>
  <datafield tag="362" ind1="0" ind2=" ">
   <subfield code="a">Tχ.143(Ιουλ. 1994)-τχ.294(Δεκ. 2003)</subfield>
  </datafield>
  <datafield tag="362" ind1="0" ind2=" ">
   <subfield code="a">Τχ.295(Ιαν. 2004)-</subfield>
  </datafield>
  <datafield tag="534" ind1=" " ind2=" ">
   <subfield code="a">Κλειστό Βιβλιοστάσιο.</subfield>
  </datafield>
  <datafield tag="650" ind1=" " ind2="4">
   <subfield code="a">Χρήμα</subfield>
   <subfield code="z">Ελλάδα</subfield>
   <subfield code="v">Περιοδικά.</subfield>
  </datafield>
  <datafield tag="852" ind1=" " ind2=" ">
   <subfield code="a">INST</subfield>
   <subfield code="b">UNIPILB</subfield>
   <subfield code="c">SERIALS</subfield>
   <subfield code="e">20041116</subfield>
   <subfield code="h">Αλφαβητική σειρά</subfield>
   <subfield code="p">37587</subfield>
   <subfield code="q">37587</subfield>
   <subfield code="t">NOLOAN</subfield>
   <subfield code="v">τεύχ.295:(Μήνας)Ιανουάριος;(Έτος)2004</subfield>
   <subfield code="y">23</subfield>
  </datafield>
  <datafield tag="852" ind1=" " ind2=" ">
   <subfield code="a">INST</subfield>
   <subfield code="b">UNIPILB</subfield>
   <subfield code="c">SERIALS</subfield>
   <subfield code="e">20041116</subfield>
   <subfield code="h">Αλφαβητική σειρά</subfield>
   <subfield code="p">37589</subfield>
   <subfield code="q">37589</subfield>
   <subfield code="t">NOLOAN</subfield>
   <subfield code="v">τεύχ.296:(Μήνας)Φεβρουάριος;(Έτος)2004</subfield>
   <subfield code="y">23</subfield>
  </datafield>
  <datafield tag="852" ind1=" " ind2=" ">
   <subfield code="a">INST</subfield>
   <subfield code="b">UNIPILB</subfield>
   <subfield code="c">SERIALS</subfield>
   <subfield code="e">20041116</subfield>
   <subfield code="h">Αλφαβητική σειρά</subfield>
   <subfield code="p">37590</subfield>
   <subfield code="q">37590</subfield>
   <subfield code="t">NOLOAN</subfield>
   <subfield code="v">τεύχ.297:(Μήνας)Μάρτιος;(Έτος)2004</subfield>
   <subfield code="y">23</subfield>
  </datafield>
  <datafield tag="852" ind1=" " ind2=" ">
   <subfield code="a">INST</subfield>
   <subfield code="b">UNIPILB</subfield>
   <subfield code="c">SERIALS</subfield>
   <subfield code="e">20041116</subfield>
   <subfield code="h">Αλφαβητική σειρά</subfield>
   <subfield code="p">37591</subfield>
   <subfield code="q">37591</subfield>
   <subfield code="t">NOLOAN</subfield>
   <subfield code="v">τεύχ.298:(Μήνας)Απρίλιος;(Έτος)2004</subfield>
   <subfield code="y">23</subfield>
  </datafield>
  <datafield tag="852" ind1=" " ind2=" ">
   <subfield code="a">INST</subfield>
   <subfield code="b">UNIPILB</subfield>
   <subfield code="c">SERIALS</subfield>
   <subfield code="e">20041116</subfield>
   <subfield code="h">Αλφαβητική σειρά</subfield>
   <subfield code="p">37592</subfield>
   <subfield code="q">37592</subfield>
   <subfield code="t">NOLOAN</subfield>
   <subfield code="v">τεύχ.299:(Μήνας)Μάιος;(Έτος)2004</subfield>
   <subfield code="y">23</subfield>
  </datafield>
  <datafield tag="852" ind1=" " ind2=" ">
   <subfield code="a">INST</subfield>
   <subfield code="b">UNIPILB</subfield>
   <subfield code="c">SERIALS</subfield>
   <subfield code="e">20041116</subfield>
   <subfield code="h">Αλφαβητική σειρά</subfield>
   <subfield code="p">37593</subfield>
   <subfield code="q">37593</subfield>
   <subfield code="t">NOLOAN</subfield>
   <subfield code="v">τεύχ.300:(Μήνας)Ιούνιος;(Έτος)2004</subfield>
   <subfield code="y">23</subfield>
  </datafield>
  <datafield tag="852" ind1=" " ind2=" ">
   <subfield code="a">INST</subfield>
   <subfield code="b">UNIPILB</subfield>
   <subfield code="c">SERIALS</subfield>
   <subfield code="e">20041116</subfield>
   <subfield code="h">Αλφαβητική σειρά</subfield>
   <subfield code="p">37594</subfield>
   <subfield code="q">37594</subfield>
   <subfield code="t">NOLOAN</subfield>
   <subfield code="v">τεύχ.301:(Μήνες)Ιούλ./Αύγ.;(Έτος)2004</subfield>
   <subfield code="y">23</subfield>
  </datafield>
  <datafield tag="852" ind1=" " ind2=" ">
   <subfield code="a">INST</subfield>
   <subfield code="b">UNIPILB</subfield>
   <subfield code="c">SERIALS</subfield>
   <subfield code="e">20041116</subfield>
   <subfield code="h">Αλφαβητική σειρά</subfield>
   <subfield code="p">37595</subfield>
   <subfield code="q">37595</subfield>
   <subfield code="t">NOLOAN</subfield>
   <subfield code="v">τεύχ.302:(Μήνας)Σεπτέμβριος;(Έτος)2004</subfield>
   <subfield code="y">23</subfield>
  </datafield>
  <datafield tag="852" ind1=" " ind2=" ">
   <subfield code="a">INST</subfield>
   <subfield code="b">UNIPILB</subfield>
   <subfield code="c">SERIALS</subfield>
   <subfield code="e">20041116</subfield>
   <subfield code="h">Αλφαβητική σειρά</subfield>
   <subfield code="p">37596</subfield>
   <subfield code="q">37596</subfield>
   <subfield code="t">NOLOAN</subfield>
   <subfield code="v">τεύχ.303:(Μήνας)Οκτώβριος;(Έτος)2004</subfield>
   <subfield code="y">23</subfield>
  </datafield>
  <datafield tag="852" ind1=" " ind2=" ">
   <subfield code="a">INST</subfield>
   <subfield code="b">UNIPILB</subfield>
   <subfield code="c">SERIALS</subfield>
   <subfield code="e">20041206</subfield>
   <subfield code="h">Αλφαβητική σειρά</subfield>
   <subfield code="p">38197</subfield>
   <subfield code="q">38197</subfield>
   <subfield code="t">NOLOAN</subfield>
   <subfield code="v">τεύχ.304:(Μήνας)Νοέμβριος;(Έτος)2004</subfield>
   <subfield code="y">23</subfield>
  </datafield>
  <datafield tag="852" ind1=" " ind2=" ">
   <subfield code="a">INST</subfield>
   <subfield code="b">UNIPILB</subfield>
   <subfield code="c">SERIALS</subfield>
   <subfield code="e">20050111</subfield>
   <subfield code="h">Αλφαβητική σειρά</subfield>
   <subfield code="p">38703</subfield>
   <subfield code="q">38703</subfield>
   <subfield code="t">NOLOAN</subfield>
   <subfield code="v">τεύχ.305:(Μήνας)Δεκέμβριος;(Έτος)2004</subfield>
   <subfield code="y">23</subfield>
  </datafield>
  <datafield tag="852" ind1=" " ind2=" ">
   <subfield code="a">INST</subfield>
   <subfield code="b">UNIPILB</subfield>
   <subfield code="c">SERIALS</subfield>
   <subfield code="e">20050131</subfield>
   <subfield code="h">Αλφαβητική σειρά</subfield>
   <subfield code="p">39413</subfield>
   <subfield code="q">39413</subfield>
   <subfield code="t">NOLOAN</subfield>
   <subfield code="v">τεύχ.306:(Μήνας)Ιανουάριος;(Έτος)2005</subfield>
   <subfield code="y">23</subfield>
  </datafield>
  <datafield tag="852" ind1=" " ind2=" ">
   <subfield code="a">INST</subfield>
   <subfield code="b">UNIPILB</subfield>
   <subfield code="c">SERIALS</subfield>
   <subfield code="e">20050224</subfield>
   <subfield code="h">Αλφαβητική σειρά</subfield>
   <subfield code="p">40542</subfield>
   <subfield code="q">40542</subfield>
   <subfield code="t">NOLOAN</subfield>
   <subfield code="v">τεύχ.307:(Μήνας)Φεβρουάριος;(Έτος)2005</subfield>
   <subfield code="y">23</subfield>
  </datafield>
  <datafield tag="852" ind1=" " ind2=" ">
   <subfield code="a">INST</subfield>
   <subfield code="b">UNIPILB</subfield>
   <subfield code="c">SERIALS</subfield>
   <subfield code="e">20050406</subfield>
   <subfield code="h">Αλφαβητική σειρά</subfield>
   <subfield code="p">42188</subfield>
   <subfield code="q">42188</subfield>
   <subfield code="t">NOLOAN</subfield>
   <subfield code="v">τεύχ.308:(Μήνας)Μάρτιος;(Έτος)2005</subfield>
   <subfield code="y">23</subfield>
  </datafield>
  <datafield tag="852" ind1=" " ind2=" ">
   <subfield code="a">INST</subfield>
   <subfield code="b">UNIPILB</subfield>
   <subfield code="c">SERIALS</subfield>
   <subfield code="e">20050509</subfield>
   <subfield code="h">Αλφαβητική σειρά</subfield>
   <subfield code="p">42903</subfield>
   <subfield code="q">42903</subfield>
   <subfield code="t">NOLOAN</subfield>
   <subfield code="v">τεύχ.309:(Μήνας)Απρίλιος;(Έτος)2005</subfield>
   <subfield code="y">23</subfield>
  </datafield>
  <datafield tag="852" ind1=" " ind2=" ">
   <subfield code="a">INST</subfield>
   <subfield code="b">UNIPILB</subfield>
   <subfield code="c">SERIALS</subfield>
   <subfield code="e">20050607</subfield>
   <subfield code="h">Αλφαβητική σειρά</subfield>
   <subfield code="p">43743</subfield>
   <subfield code="q">43743</subfield>
   <subfield code="t">NOLOAN</subfield>
   <subfield code="v">τεύχ.310:(Μήνας)Μάιος;(Έτος)2005</subfield>
   <subfield code="y">23</subfield>
  </datafield>
  <datafield tag="852" ind1=" " ind2=" ">
   <subfield code="a">INST</subfield>
   <subfield code="b">UNIPILB</subfield>
   <subfield code="c">SERIALS</subfield>
   <subfield code="e">20050706</subfield>
   <subfield code="h">Αλφαβητική σειρά</subfield>
   <subfield code="p">44493</subfield>
   <subfield code="q">44493</subfield>
   <subfield code="t">NOLOAN</subfield>
   <subfield code="v">τεύχ.311:(Μήνας)Ιούνιος;(Έτος)2005</subfield>
   <subfield code="y">23</subfield>
  </datafield>
  <datafield tag="852" ind1=" " ind2=" ">
   <subfield code="a">INST</subfield>
   <subfield code="b">UNIPILB</subfield>
   <subfield code="c">SERIALS</subfield>
   <subfield code="e">20050818</subfield>
   <subfield code="h">Αλφαβητική σειρά</subfield>
   <subfield code="p">45289</subfield>
   <subfield code="q">45289</subfield>
   <subfield code="t">NOLOAN</subfield>
   <subfield code="v">τεύχ.312:(Μήνες)Ιούλ./Αύγ.;(Έτος)2005</subfield>
   <subfield code="y">23</subfield>
  </datafield>
  <datafield tag="852" ind1=" " ind2=" ">
   <subfield code="a">INST</subfield>
   <subfield code="b">UNIPILB</subfield>
   <subfield code="c">SERIALS</subfield>
   <subfield code="e">20051004</subfield>
   <subfield code="h">Αλφαβητική σειρά</subfield>
   <subfield code="p">47237</subfield>
   <subfield code="q">47237</subfield>
   <subfield code="t">NOLOAN</subfield>
   <subfield code="v">τεύχ.313:(Μήνας)Σεπτέμβριος;(Έτος)2005</subfield>
   <subfield code="y">23</subfield>
  </datafield>
  <datafield tag="852" ind1=" " ind2=" ">
   <subfield code="a">INST</subfield>
   <subfield code="b">UNIPILB</subfield>
   <subfield code="c">SERIALS</subfield>
   <subfield code="e">20051107</subfield>
   <subfield code="h">Αλφαβητική σειρά</subfield>
   <subfield code="p">48151</subfield>
   <subfield code="q">48151</subfield>
   <subfield code="t">NOLOAN</subfield>
   <subfield code="v">τεύχ.314:(Μήνας)Οκτώβριος;(Έτος)2005</subfield>
   <subfield code="y">23</subfield>
  </datafield>
  <datafield tag="852" ind1=" " ind2=" ">
   <subfield code="a">INST</subfield>
   <subfield code="b">UNIPILB</subfield>
   <subfield code="c">SERIALS</subfield>
   <subfield code="e">20051207</subfield>
   <subfield code="h">Αλφαβητική σειρά</subfield>
   <subfield code="p">49000</subfield>
   <subfield code="q">49000</subfield>
   <subfield code="t">NOLOAN</subfield>
   <subfield code="v">τεύχ.315:(Μήνας)Νοέμβριος;(Έτος)2005</subfield>
   <subfield code="y">23</subfield>
  </datafield>
  <datafield tag="852" ind1=" " ind2=" ">
   <subfield code="a">INST</subfield>
   <subfield code="b">UNIPILB</subfield>
   <subfield code="c">SERIALS</subfield>
   <subfield code="e">20060111</subfield>
   <subfield code="h">Αλφαβητική σειρά</subfield>
   <subfield code="p">49421</subfield>
   <subfield code="q">49421</subfield>
   <subfield code="t">NOLOAN</subfield>
   <subfield code="v">τεύχ.316:(Μήνας)Δεκέμβριος;(Έτος)2005</subfield>
   <subfield code="y">23</subfield>
  </datafield>
  <datafield tag="852" ind1=" " ind2=" ">
   <subfield code="a">INST</subfield>
   <subfield code="b">UNIPILB</subfield>
   <subfield code="c">SERIALS</subfield>
   <subfield code="e">20060208</subfield>
   <subfield code="h">Αλφαβητική σειρά</subfield>
   <subfield code="p">50088</subfield>
   <subfield code="q">50088</subfield>
   <subfield code="t">NOLOAN</subfield>
   <subfield code="v">τεύχ.317:(Μήνας)Ιανουάριος;(Έτος)2006</subfield>
   <subfield code="y">23</subfield>
  </datafield>
  <datafield tag="852" ind1=" " ind2=" ">
   <subfield code="a">INST</subfield>
   <subfield code="b">UNIPILB</subfield>
   <subfield code="c">SERIALS</subfield>
   <subfield code="e">20060317</subfield>
   <subfield code="h">Αλφαβητική σειρά</subfield>
   <subfield code="p">50902</subfield>
   <subfield code="q">50902</subfield>
   <subfield code="t">NOLOAN</subfield>
   <subfield code="v">τεύχ.318:(Μήνας)Φεβρουάριος;(Έτος)2006</subfield>
   <subfield code="y">23</subfield>
  </datafield>
  <datafield tag="852" ind1=" " ind2=" ">
   <subfield code="a">INST</subfield>
   <subfield code="b">UNIPILB</subfield>
   <subfield code="c">SERIALS</subfield>
   <subfield code="e">20060410</subfield>
   <subfield code="h">Αλφαβητική σειρά</subfield>
   <subfield code="p">51201</subfield>
   <subfield code="q">51201</subfield>
   <subfield code="t">NOLOAN</subfield>
   <subfield code="v">τεύχ.319:(Μήνας)Μάρτιος;(Έτος)2006</subfield>
   <subfield code="y">23</subfield>
  </datafield>
  <datafield tag="852" ind1=" " ind2=" ">
   <subfield code="a">INST</subfield>
   <subfield code="b">UNIPILB</subfield>
   <subfield code="c">SERIALS</subfield>
   <subfield code="e">20060515</subfield>
   <subfield code="h">Αλφαβητική σειρά</subfield>
   <subfield code="p">51435</subfield>
   <subfield code="q">51435</subfield>
   <subfield code="t">NOLOAN</subfield>
   <subfield code="v">τεύχ.320:(Μήνας)Απρίλιος;(Έτος)2006</subfield>
   <subfield code="y">23</subfield>
  </datafield>
  <datafield tag="852" ind1=" " ind2=" ">
   <subfield code="a">INST</subfield>
   <subfield code="b">UNIPILB</subfield>
   <subfield code="c">SERIALS</subfield>
   <subfield code="e">20060705</subfield>
   <subfield code="h">Αλφαβητική σειρά</subfield>
   <subfield code="p">51785</subfield>
   <subfield code="q">51785</subfield>
   <subfield code="t">NOLOAN</subfield>
   <subfield code="v">τεύχ.321:(Μήνας)Μάιος;(Έτος)2006</subfield>
   <subfield code="y">23</subfield>
  </datafield>
  <datafield tag="852" ind1=" " ind2=" ">
   <subfield code="a">INST</subfield>
   <subfield code="b">UNIPILB</subfield>
   <subfield code="c">SERIALS</subfield>
   <subfield code="e">20060719</subfield>
   <subfield code="h">Αλφαβητική σειρά</subfield>
   <subfield code="p">52064</subfield>
   <subfield code="q">52064</subfield>
   <subfield code="t">NOLOAN</subfield>
   <subfield code="v">τεύχ.322:(Μήνας)Ιούνιος;(Έτος)2006</subfield>
   <subfield code="y">23</subfield>
  </datafield>
  <datafield tag="852" ind1=" " ind2=" ">
   <subfield code="a">INST</subfield>
   <subfield code="b">UNIPILB</subfield>
   <subfield code="c">SERIALS</subfield>
   <subfield code="e">20060811</subfield>
   <subfield code="h">Αλφαβητική σειρά</subfield>
   <subfield code="p">52280</subfield>
   <subfield code="q">52280</subfield>
   <subfield code="t">NOLOAN</subfield>
   <subfield code="v">τεύχ.323:(Μήνας)Ιούλιος;(Έτος)2006</subfield>
   <subfield code="y">23</subfield>
  </datafield>
  <datafield tag="852" ind1=" " ind2=" ">
   <subfield code="a">INST</subfield>
   <subfield code="b">UNIPILB</subfield>
   <subfield code="c">SERIALS</subfield>
   <subfield code="e">20061019</subfield>
   <subfield code="h">Αλφαβητική σειρά</subfield>
   <subfield code="p">53161</subfield>
   <subfield code="q">53161</subfield>
   <subfield code="t">NOLOAN</subfield>
   <subfield code="v">τεύχ.324:(Μήνας)Σεπτέμβριος;(Έτος)2006</subfield>
   <subfield code="y">23</subfield>
  </datafield>
  <datafield tag="852" ind1=" " ind2=" ">
   <subfield code="a">INST</subfield>
   <subfield code="b">UNIPILB</subfield>
   <subfield code="c">SERIALS</subfield>
   <subfield code="e">20061108</subfield>
   <subfield code="h">Αλφαβητική σειρά</subfield>
   <subfield code="p">53516</subfield>
   <subfield code="q">53516</subfield>
   <subfield code="t">NOLOAN</subfield>
   <subfield code="v">τεύχ.325:(Μήνας)Οκτώβριος;(Έτος)2006</subfield>
   <subfield code="y">23</subfield>
  </datafield>
  <datafield tag="852" ind1=" " ind2=" ">
   <subfield code="a">INST</subfield>
   <subfield code="b">UNIPILB</subfield>
   <subfield code="c">SERIALS</subfield>
   <subfield code="e">20070109</subfield>
   <subfield code="h">Αλφαβητική σειρά</subfield>
   <subfield code="p">54013</subfield>
   <subfield code="q">54013</subfield>
   <subfield code="t">NOLOAN</subfield>
   <subfield code="v">τεύχ.326:(Μήνας)Νοέμβριος;(Έτος)2006</subfield>
   <subfield code="y">23</subfield>
  </datafield>
  <datafield tag="852" ind1=" " ind2=" ">
   <subfield code="a">INST</subfield>
   <subfield code="b">UNIPILB</subfield>
   <subfield code="c">SERIALS</subfield>
   <subfield code="e">20070117</subfield>
   <subfield code="h">Αλφαβητική σειρά</subfield>
   <subfield code="p">54136</subfield>
   <subfield code="q">54136</subfield>
   <subfield code="t">NOLOAN</subfield>
   <subfield code="v">τεύχ.327:(Μήνας)Δεκέμβριος;(Έτος)2006</subfield>
   <subfield code="y">23</subfield>
  </datafield>
  <datafield tag="852" ind1=" " ind2=" ">
   <subfield code="a">INST</subfield>
   <subfield code="b">UNIPILB</subfield>
   <subfield code="c">SERIALS</subfield>
   <subfield code="e">20070202</subfield>
   <subfield code="h">Αλφαβητική σειρά</subfield>
   <subfield code="p">54531</subfield>
   <subfield code="q">54531</subfield>
   <subfield code="t">NOLOAN</subfield>
   <subfield code="v">τεύχ.328:(Μήνας)Ιανουάριος;(Έτος)2007</subfield>
   <subfield code="y">23</subfield>
  </datafield>
  <datafield tag="852" ind1=" " ind2=" ">
   <subfield code="a">INST</subfield>
   <subfield code="b">UNIPILB</subfield>
   <subfield code="c">SERIALS</subfield>
   <subfield code="e">20070315</subfield>
   <subfield code="h">Αλφαβητική σειρά</subfield>
   <subfield code="p">54975</subfield>
   <subfield code="q">54975</subfield>
   <subfield code="t">NOLOAN</subfield>
   <subfield code="v">τεύχ.329:(Μήνας)Φεβρουάριος;(Έτος)2007</subfield>
   <subfield code="y">23</subfield>
  </datafield>
  <datafield tag="852" ind1=" " ind2=" ">
   <subfield code="a">INST</subfield>
   <subfield code="b">UNIPILB</subfield>
   <subfield code="c">SERIALS</subfield>
   <subfield code="e">20070416</subfield>
   <subfield code="h">Αλφαβητική σειρά</subfield>
   <subfield code="p">55277</subfield>
   <subfield code="q">55277</subfield>
   <subfield code="t">NOLOAN</subfield>
   <subfield code="v">τεύχ.330:(Μήνας)Μάρτιος;(Έτος)2007</subfield>
   <subfield code="y">23</subfield>
  </datafield>
  <datafield tag="852" ind1=" " ind2=" ">
   <subfield code="a">INST</subfield>
   <subfield code="b">UNIPILB</subfield>
   <subfield code="c">SERIALS</subfield>
   <subfield code="e">20070514</subfield>
   <subfield code="h">Αλφαβητική σειρά</subfield>
   <subfield code="p">55606</subfield>
   <subfield code="q">55606</subfield>
   <subfield code="t">NOLOAN</subfield>
   <subfield code="v">τεύχ.331:(Μήνας)Απρίλιος;(Έτος)2007</subfield>
   <subfield code="y">23</subfield>
  </datafield>
  <datafield tag="852" ind1=" " ind2=" ">
   <subfield code="a">INST</subfield>
   <subfield code="b">UNIPILB</subfield>
   <subfield code="c">SERIALS</subfield>
   <subfield code="e">20070614</subfield>
   <subfield code="h">Αλφαβητική σειρά</subfield>
   <subfield code="p">55975</subfield>
   <subfield code="q">55975</subfield>
   <subfield code="t">NOLOAN</subfield>
   <subfield code="v">τεύχ.332:(Μήνας)Μάιος;(Έτος)2007</subfield>
   <subfield code="y">23</subfield>
  </datafield>
  <datafield tag="852" ind1=" " ind2=" ">
   <subfield code="a">INST</subfield>
   <subfield code="b">UNIPILB</subfield>
   <subfield code="c">SERIALS</subfield>
   <subfield code="e">20070716</subfield>
   <subfield code="h">Αλφαβητική σειρά</subfield>
   <subfield code="p">56308</subfield>
   <subfield code="q">56308</subfield>
   <subfield code="t">NOLOAN</subfield>
   <subfield code="v">τεύχ.333:(Μήνας)Ιούνιος;(Έτος)2007</subfield>
   <subfield code="y">23</subfield>
  </datafield>
  <datafield tag="852" ind1=" " ind2=" ">
   <subfield code="a">INST</subfield>
   <subfield code="b">UNIPILB</subfield>
   <subfield code="c">SERIALS</subfield>
   <subfield code="e">20070823</subfield>
   <subfield code="h">Αλφαβητική σειρά</subfield>
   <subfield code="p">56496</subfield>
   <subfield code="q">56496</subfield>
   <subfield code="t">NOLOAN</subfield>
   <subfield code="v">τεύχ.334:(Μήνες)Ιούλ./Αύγ.;(Έτος)2007</subfield>
   <subfield code="y">23</subfield>
  </datafield>
  <datafield tag="852" ind1=" " ind2=" ">
   <subfield code="a">INST</subfield>
   <subfield code="b">UNIPILB</subfield>
   <subfield code="c">SERIALS</subfield>
   <subfield code="e">20071115</subfield>
   <subfield code="h">Αλφαβητική σειρά</subfield>
   <subfield code="p">58432</subfield>
   <subfield code="q">58432</subfield>
   <subfield code="t">NOLOAN</subfield>
   <subfield code="v">τεύχ.336:(Μήνας)Οκτώβριος;(Έτος)2007</subfield>
   <subfield code="y">23</subfield>
  </datafield>
  <datafield tag="852" ind1=" " ind2=" ">
   <subfield code="a">INST</subfield>
   <subfield code="b">UNIPILB</subfield>
   <subfield code="c">SERIALS</subfield>
   <subfield code="e">20080108</subfield>
   <subfield code="h">Αλφαβητική σειρά</subfield>
   <subfield code="p">59278</subfield>
   <subfield code="q">59278</subfield>
   <subfield code="t">NOLOAN</subfield>
   <subfield code="v">τεύχ.337:(Μήνας)Νοέμβριος;(Έτος)2007</subfield>
   <subfield code="y">23</subfield>
  </datafield>
  <datafield tag="852" ind1=" " ind2=" ">
   <subfield code="a">INST</subfield>
   <subfield code="b">UNIPILB</subfield>
   <subfield code="c">SERIALS</subfield>
   <subfield code="e">20080116</subfield>
   <subfield code="h">Αλφαβητική σειρά</subfield>
   <subfield code="p">59440</subfield>
   <subfield code="q">59440</subfield>
   <subfield code="t">NOLOAN</subfield>
   <subfield code="v">τεύχ.338:(Μήνας)Δεκέμβριος;(Έτος)2007</subfield>
   <subfield code="y">23</subfield>
  </datafield>
  <datafield tag="852" ind1=" " ind2=" ">
   <subfield code="a">INST</subfield>
   <subfield code="b">UNIPILB</subfield>
   <subfield code="c">SERIALS</subfield>
   <subfield code="e">20080314</subfield>
   <subfield code="h">Αλφαβητική σειρά</subfield>
   <subfield code="p">60187</subfield>
   <subfield code="q">60187</subfield>
   <subfield code="t">NOLOAN</subfield>
   <subfield code="v">τεύχ.339:(Μήνες)Ιαν./Φεβ.;(Έτος)2008</subfield>
   <subfield code="y">23</subfield>
  </datafield>
  <datafield tag="852" ind1=" " ind2=" ">
   <subfield code="a">INST</subfield>
   <subfield code="b">UNIPILB</subfield>
   <subfield code="c">SERIALS</subfield>
   <subfield code="e">20080422</subfield>
   <subfield code="h">Αλφαβητική σειρά</subfield>
   <subfield code="p">60554</subfield>
   <subfield code="q">60554</subfield>
   <subfield code="t">NOLOAN</subfield>
   <subfield code="v">τεύχ.340:(Μήνας)Μάρτιος;(Έτος)2008</subfield>
   <subfield code="y">23</subfield>
  </datafield>
  <datafield tag="852" ind1=" " ind2=" ">
   <subfield code="a">INST</subfield>
   <subfield code="b">UNIPILB</subfield>
   <subfield code="c">SERIALS</subfield>
   <subfield code="e">20080520</subfield>
   <subfield code="h">Αλφαβητική σειρά</subfield>
   <subfield code="p">60615</subfield>
   <subfield code="q">60615</subfield>
   <subfield code="t">NOLOAN</subfield>
   <subfield code="v">τεύχ.341:(Μήνας)Απρίλιος;(Έτος)2008</subfield>
   <subfield code="y">23</subfield>
  </datafield>
  <datafield tag="852" ind1=" " ind2=" ">
   <subfield code="a">INST</subfield>
   <subfield code="b">UNIPILB</subfield>
   <subfield code="c">SERIALS</subfield>
   <subfield code="e">20080624</subfield>
   <subfield code="h">Αλφαβητική σειρά</subfield>
   <subfield code="p">60840</subfield>
   <subfield code="q">60840</subfield>
   <subfield code="t">NOLOAN</subfield>
   <subfield code="v">τεύχ.342:(Μήνας)Μάιος;(Έτος)2008</subfield>
   <subfield code="y">23</subfield>
  </datafield>
  <datafield tag="852" ind1=" " ind2=" ">
   <subfield code="a">INST</subfield>
   <subfield code="b">UNIPILB</subfield>
   <subfield code="c">SERIALS</subfield>
   <subfield code="e">20080702</subfield>
   <subfield code="h">Αλφαβητική σειρά</subfield>
   <subfield code="p">60904</subfield>
   <subfield code="q">60904</subfield>
   <subfield code="t">NOLOAN</subfield>
   <subfield code="v">τεύχ.343:(Μήνας)Ιούνιος;(Έτος)2008</subfield>
   <subfield code="y">23</subfield>
  </datafield>
  <datafield tag="852" ind1=" " ind2=" ">
   <subfield code="a">INST</subfield>
   <subfield code="b">UNIPILB</subfield>
   <subfield code="c">SERIALS</subfield>
   <subfield code="e">20080829</subfield>
   <subfield code="h">Αλφαβητική σειρά</subfield>
   <subfield code="p">61315</subfield>
   <subfield code="q">61315</subfield>
   <subfield code="t">NOLOAN</subfield>
   <subfield code="v">τεύχ.344:(Μήνες)Ιούλ./Αύγ.;(Έτος)2008</subfield>
   <subfield code="y">23</subfield>
  </datafield>
  <datafield tag="852" ind1=" " ind2=" ">
   <subfield code="a">INST</subfield>
   <subfield code="b">UNIPILB</subfield>
   <subfield code="c">SERIALS</subfield>
   <subfield code="e">20081118</subfield>
   <subfield code="h">Αλφαβητική σειρά</subfield>
   <subfield code="p">62082</subfield>
   <subfield code="q">62082</subfield>
   <subfield code="t">NOLOAN</subfield>
   <subfield code="v">τεύχ.346:(Μήνας)Οκτώβριος;(Έτος)2008</subfield>
   <subfield code="y">23</subfield>
  </datafield>
  <datafield tag="852" ind1=" " ind2=" ">
   <subfield code="a">INST</subfield>
   <subfield code="b">UNIPILB</subfield>
   <subfield code="c">SERIALS</subfield>
   <subfield code="e">20081118</subfield>
   <subfield code="h">Αλφαβητική σειρά</subfield>
   <subfield code="p">62083</subfield>
   <subfield code="q">62083</subfield>
   <subfield code="t">NOLOAN</subfield>
   <subfield code="v">τεύχ.347:(Μήνας)Νοέμβριος;(Έτος)2008</subfield>
   <subfield code="y">23</subfield>
  </datafield>
  <datafield tag="852" ind1=" " ind2=" ">
   <subfield code="a">INST</subfield>
   <subfield code="b">UNIPILB</subfield>
   <subfield code="c">SERIALS</subfield>
   <subfield code="e">20090123</subfield>
   <subfield code="h">Αλφαβητική σειρά</subfield>
   <subfield code="p">62513</subfield>
   <subfield code="q">62513</subfield>
   <subfield code="t">NOLOAN</subfield>
   <subfield code="v">τεύχ.348:(Μήνας)Δεκέμβριος;(Έτος)2008</subfield>
   <subfield code="y">23</subfield>
  </datafield>
  <datafield tag="852" ind1=" " ind2=" ">
   <subfield code="a">INST</subfield>
   <subfield code="b">UNIPILB</subfield>
   <subfield code="c">SERIALS</subfield>
   <subfield code="e">20090225</subfield>
   <subfield code="h">Αλφαβητική σειρά</subfield>
   <subfield code="p">63170</subfield>
   <subfield code="q">63170</subfield>
   <subfield code="t">NOLOAN</subfield>
   <subfield code="v">τεύχ.349:(Μήνας)Φεβρουάριος;(Έτος)2009</subfield>
   <subfield code="y">23</subfield>
  </datafield>
  <datafield tag="852" ind1=" " ind2=" ">
   <subfield code="a">INST</subfield>
   <subfield code="b">UNIPILB</subfield>
   <subfield code="c">SERIALS</subfield>
   <subfield code="e">20090512</subfield>
   <subfield code="h">Αλφαβητική σειρά</subfield>
   <subfield code="p">64048</subfield>
   <subfield code="q">64048</subfield>
   <subfield code="t">NOLOAN</subfield>
   <subfield code="v">τεύχ.350:(Μήνας)Μάρτιος;(Έτος)2009</subfield>
   <subfield code="y">23</subfield>
  </datafield>
  <datafield tag="852" ind1=" " ind2=" ">
   <subfield code="a">INST</subfield>
   <subfield code="b">UNIPILB</subfield>
   <subfield code="c">SERIALS</subfield>
   <subfield code="e">20090512</subfield>
   <subfield code="h">Αλφαβητική σειρά</subfield>
   <subfield code="p">64054</subfield>
   <subfield code="q">64054</subfield>
   <subfield code="t">NOLOAN</subfield>
   <subfield code="v">τεύχ.351:(Μήνας)Απρίλιος;(Έτος)2009</subfield>
   <subfield code="y">23</subfield>
  </datafield>
  <datafield tag="852" ind1=" " ind2=" ">
   <subfield code="a">INST</subfield>
   <subfield code="b">UNIPILB</subfield>
   <subfield code="c">SERIALS</subfield>
   <subfield code="e">20090710</subfield>
   <subfield code="h">Αλφαβητική σειρά</subfield>
   <subfield code="p">64389</subfield>
   <subfield code="q">64389</subfield>
   <subfield code="t">NOLOAN</subfield>
   <subfield code="v">τεύχ.352:(Μήνας)Μάιος;(Έτος)2009</subfield>
   <subfield code="y">23</subfield>
  </datafield>
  <datafield tag="852" ind1=" " ind2=" ">
   <subfield code="a">INST</subfield>
   <subfield code="b">UNIPILB</subfield>
   <subfield code="c">SERIALS</subfield>
   <subfield code="e">20090710</subfield>
   <subfield code="h">Αλφαβητική σειρά</subfield>
   <subfield code="p">64398</subfield>
   <subfield code="q">64398</subfield>
   <subfield code="t">NOLOAN</subfield>
   <subfield code="v">τεύχ.353:(Μήνας)Ιούνιος;(Έτος)2009</subfield>
   <subfield code="y">23</subfield>
  </datafield>
  <datafield tag="852" ind1=" " ind2=" ">
   <subfield code="a">INST</subfield>
   <subfield code="b">UNIPILB</subfield>
   <subfield code="c">SERIALS</subfield>
   <subfield code="e">20090901</subfield>
   <subfield code="h">Αλφαβητική σειρά</subfield>
   <subfield code="p">64543</subfield>
   <subfield code="q">64543</subfield>
   <subfield code="t">NOLOAN</subfield>
   <subfield code="v">τεύχ.354:(Μήνες)Ιούλ./Αύγ.;(Έτος)2009</subfield>
   <subfield code="y">23</subfield>
  </datafield>
  <datafield tag="852" ind1=" " ind2=" ">
   <subfield code="a">INST</subfield>
   <subfield code="b">UNIPILB</subfield>
   <subfield code="c">SERIALS</subfield>
   <subfield code="e">20091013</subfield>
   <subfield code="h">Αλφαβητική σειρά</subfield>
   <subfield code="p">64971</subfield>
   <subfield code="q">64971</subfield>
   <subfield code="t">NOLOAN</subfield>
   <subfield code="v">τεύχ.355:(Μήνας)Σεπτέμβριος;(Έτος)2009</subfield>
   <subfield code="y">23</subfield>
  </datafield>
  <datafield tag="852" ind1=" " ind2=" ">
   <subfield code="a">INST</subfield>
   <subfield code="b">UNIPILB</subfield>
   <subfield code="c">SERIALS</subfield>
   <subfield code="e">20100114</subfield>
   <subfield code="h">Αλφαβητική σειρά</subfield>
   <subfield code="p">66216</subfield>
   <subfield code="q">66216</subfield>
   <subfield code="t">NOLOAN</subfield>
   <subfield code="v">τεύχ.356:(Μήνας)Οκτώβριος;(Έτος)2009</subfield>
   <subfield code="y">23</subfield>
  </datafield>
  <datafield tag="852" ind1=" " ind2=" ">
   <subfield code="a">INST</subfield>
   <subfield code="b">UNIPILB</subfield>
   <subfield code="c">SERIALS</subfield>
   <subfield code="e">20100114</subfield>
   <subfield code="h">Αλφαβητική σειρά</subfield>
   <subfield code="p">66217</subfield>
   <subfield code="q">66217</subfield>
   <subfield code="t">NOLOAN</subfield>
   <subfield code="v">τεύχ.357:(Μήνας)Νοέμβριος;(Έτος)2009</subfield>
   <subfield code="y">23</subfield>
  </datafield>
  <datafield tag="852" ind1=" " ind2=" ">
   <subfield code="a">INST</subfield>
   <subfield code="b">UNIPILB</subfield>
   <subfield code="c">SERIALS</subfield>
   <subfield code="e">20100114</subfield>
   <subfield code="h">Αλφαβητική σειρά</subfield>
   <subfield code="p">66218</subfield>
   <subfield code="q">66218</subfield>
   <subfield code="t">NOLOAN</subfield>
   <subfield code="v">τεύχ.358:(Μήνας)Δεκέμβριος;(Έτος)2009</subfield>
   <subfield code="y">23</subfield>
  </datafield>
  <datafield tag="852" ind1=" " ind2=" ">
   <subfield code="a">INST</subfield>
   <subfield code="b">UNIPILB</subfield>
   <subfield code="c">SERIALS</subfield>
   <subfield code="e">20100419</subfield>
   <subfield code="h">Αλφαβητική σειρά</subfield>
   <subfield code="p">67923</subfield>
   <subfield code="q">67923</subfield>
   <subfield code="t">NOLOAN</subfield>
   <subfield code="v">τεύχ.359:(Μήνας)Φεβρουάριος;(Έτος)2010</subfield>
   <subfield code="y">23</subfield>
  </datafield>
  <datafield tag="852" ind1=" " ind2=" ">
   <subfield code="a">INST</subfield>
   <subfield code="b">UNIPILB</subfield>
   <subfield code="c">SERIALS</subfield>
   <subfield code="e">20100429</subfield>
   <subfield code="h">Αλφαβητική σειρά</subfield>
   <subfield code="p">67983</subfield>
   <subfield code="q">67983</subfield>
   <subfield code="t">NOLOAN</subfield>
   <subfield code="v">τεύχ.360:(Μήνας)Μάρτιος;(Έτος)2010</subfield>
   <subfield code="y">23</subfield>
  </datafield>
  <datafield tag="852" ind1=" " ind2=" ">
   <subfield code="a">INST</subfield>
   <subfield code="b">UNIPILB</subfield>
   <subfield code="c">SERIALS</subfield>
   <subfield code="e">20100610</subfield>
   <subfield code="h">Αλφαβητική σειρά</subfield>
   <subfield code="p">68323</subfield>
   <subfield code="q">68323</subfield>
   <subfield code="t">NOLOAN</subfield>
   <subfield code="v">τεύχ.361:(Μήνας)Απρίλιος;(Έτος)2010</subfield>
   <subfield code="y">23</subfield>
  </datafield>
  <datafield tag="852" ind1=" " ind2=" ">
   <subfield code="a">INST</subfield>
   <subfield code="b">UNIPILB</subfield>
   <subfield code="c">SERIALS</subfield>
   <subfield code="e">20100617</subfield>
   <subfield code="h">Αλφαβητική σειρά</subfield>
   <subfield code="p">68484</subfield>
   <subfield code="q">68484</subfield>
   <subfield code="t">NOLOAN</subfield>
   <subfield code="v">τεύχ.362:(Μήνας)Μάιος;(Έτος)2010</subfield>
   <subfield code="y">23</subfield>
  </datafield>
  <datafield tag="852" ind1=" " ind2=" ">
   <subfield code="a">INST</subfield>
   <subfield code="b">UNIPILB</subfield>
   <subfield code="c">SERIALS</subfield>
   <subfield code="e">20100909</subfield>
   <subfield code="h">Αλφαβητική σειρά</subfield>
   <subfield code="p">69789</subfield>
   <subfield code="q">69789</subfield>
   <subfield code="t">NOLOAN</subfield>
   <subfield code="v">τεύχ.364:(Μήνες)Ιούλ./Αύγ.;(Έτος)2010</subfield>
   <subfield code="y">23</subfield>
  </datafield>
  <datafield tag="852" ind1=" " ind2=" ">
   <subfield code="a">INST</subfield>
   <subfield code="b">UNIPILB</subfield>
   <subfield code="c">SERIALS</subfield>
   <subfield code="e">20100930</subfield>
   <subfield code="h">Αλφαβητική σειρά</subfield>
   <subfield code="p">69914</subfield>
   <subfield code="q">69914</subfield>
   <subfield code="t">NOLOAN</subfield>
   <subfield code="v">τεύχ.363:(Μήνας)Ιούνιος;(Έτος)2010</subfield>
   <subfield code="y">23</subfield>
  </datafield>
  <datafield tag="852" ind1=" " ind2=" ">
   <subfield code="a">INST</subfield>
   <subfield code="b">UNIPILB</subfield>
   <subfield code="c">SERIALS</subfield>
   <subfield code="e">20101025</subfield>
   <subfield code="h">Αλφαβητική σειρά</subfield>
   <subfield code="p">70404</subfield>
   <subfield code="q">70404</subfield>
   <subfield code="t">NOLOAN</subfield>
   <subfield code="v">τεύχ.365:(Μήνας)Σεπτέμβριος;(Έτος)2010</subfield>
   <subfield code="y">23</subfield>
  </datafield>
  <datafield tag="852" ind1=" " ind2=" ">
   <subfield code="a">INST</subfield>
   <subfield code="b">UNIPILB</subfield>
   <subfield code="c">SERIALS</subfield>
   <subfield code="e">20101115</subfield>
   <subfield code="h">Αλφαβητική σειρά</subfield>
   <subfield code="p">70594</subfield>
   <subfield code="q">70594</subfield>
   <subfield code="t">NOLOAN</subfield>
   <subfield code="v">τεύχ.366:(Μήνας)Οκτώβριος;(Έτος)2010</subfield>
   <subfield code="y">23</subfield>
  </datafield>
  <datafield tag="852" ind1=" " ind2=" ">
   <subfield code="a">INST</subfield>
   <subfield code="b">UNIPILB</subfield>
   <subfield code="c">SERIALS</subfield>
   <subfield code="e">20101221</subfield>
   <subfield code="h">Αλφαβητική σειρά</subfield>
   <subfield code="p">70746</subfield>
   <subfield code="q">70746</subfield>
   <subfield code="t">NOLOAN</subfield>
   <subfield code="v">τεύχ.367:(Μήνας)Νοέμβριος;(Έτος)2010</subfield>
   <subfield code="y">23</subfield>
  </datafield>
  <datafield tag="852" ind1=" " ind2=" ">
   <subfield code="a">INST</subfield>
   <subfield code="b">UNIPILB</subfield>
   <subfield code="c">SERIALS</subfield>
   <subfield code="e">20110121</subfield>
   <subfield code="h">Αλφαβητική σειρά</subfield>
   <subfield code="p">70876</subfield>
   <subfield code="q">70876</subfield>
   <subfield code="t">NOLOAN</subfield>
   <subfield code="v">τεύχ.368:(Μήνας)Δεκέμβριος;(Έτος)2010</subfield>
   <subfield code="y">23</subfield>
  </datafield>
  <datafield tag="852" ind1=" " ind2=" ">
   <subfield code="a">INST</subfield>
   <subfield code="b">UNIPILB</subfield>
   <subfield code="c">SERIALS</subfield>
   <subfield code="e">20110311</subfield>
   <subfield code="h">Αλφαβητική σειρά</subfield>
   <subfield code="p">71328</subfield>
   <subfield code="q">71328</subfield>
   <subfield code="t">NOLOAN</subfield>
   <subfield code="v">τεύχ.369:(Μήνες)Ιαν./Φεβ.;(Έτος)2011</subfield>
   <subfield code="y">23</subfield>
  </datafield>
  <datafield tag="852" ind1=" " ind2=" ">
   <subfield code="a">INST</subfield>
   <subfield code="b">UNIPILB</subfield>
   <subfield code="c">SERIALS</subfield>
   <subfield code="e">20110418</subfield>
   <subfield code="h">Αλφαβητική σειρά</subfield>
   <subfield code="p">71639</subfield>
   <subfield code="q">71639</subfield>
   <subfield code="t">NOLOAN</subfield>
   <subfield code="v">τεύχ.345:(Μήνας)Σεπτέμβριος;(Έτος)2008</subfield>
   <subfield code="y">23</subfield>
  </datafield>
  <datafield tag="852" ind1=" " ind2=" ">
   <subfield code="a">INST</subfield>
   <subfield code="b">UNIPILB</subfield>
   <subfield code="c">SERIALS</subfield>
   <subfield code="e">20110420</subfield>
   <subfield code="h">Αλφαβητική σειρά</subfield>
   <subfield code="p">71694</subfield>
   <subfield code="q">71694</subfield>
   <subfield code="t">NOLOAN</subfield>
   <subfield code="v">τεύχ.370:(Μήνας)Μάρτιος;(Έτος)2011</subfield>
   <subfield code="y">23</subfield>
  </datafield>
  <datafield tag="852" ind1=" " ind2=" ">
   <subfield code="a">INST</subfield>
   <subfield code="b">UNIPILB</subfield>
   <subfield code="c">SERIALS</subfield>
   <subfield code="e">20110524</subfield>
   <subfield code="h">Αλφαβητική σειρά</subfield>
   <subfield code="p">71837</subfield>
   <subfield code="q">71837</subfield>
   <subfield code="t">NOLOAN</subfield>
   <subfield code="v">τεύχ.371:(Μήνας)Απρίλιος;(Έτος)2011</subfield>
   <subfield code="y">23</subfield>
  </datafield>
  <datafield tag="852" ind1=" " ind2=" ">
   <subfield code="a">INST</subfield>
   <subfield code="b">UNIPILB</subfield>
   <subfield code="c">SERIALS</subfield>
   <subfield code="e">20110616</subfield>
   <subfield code="h">Αλφαβητική σειρά</subfield>
   <subfield code="p">71924</subfield>
   <subfield code="q">71924</subfield>
   <subfield code="t">NOLOAN</subfield>
   <subfield code="v">τεύχ.372:(Μήνας)Μάιος;(Έτος)2011</subfield>
   <subfield code="y">23</subfield>
  </datafield>
  <datafield tag="852" ind1=" " ind2=" ">
   <subfield code="a">INST</subfield>
   <subfield code="b">UNIPILB</subfield>
   <subfield code="c">SERIALS</subfield>
   <subfield code="e">20110714</subfield>
   <subfield code="h">Αλφαβητική σειρά</subfield>
   <subfield code="p">72284</subfield>
   <subfield code="q">72284</subfield>
   <subfield code="t">NOLOAN</subfield>
   <subfield code="v">τεύχ.373:(Μήνας)Ιούνιος;(Έτος)2011</subfield>
   <subfield code="y">23</subfield>
  </datafield>
  <datafield tag="852" ind1=" " ind2=" ">
   <subfield code="a">INST</subfield>
   <subfield code="b">UNIPILB</subfield>
   <subfield code="c">SERIALS</subfield>
   <subfield code="e">20110923</subfield>
   <subfield code="h">Αλφαβητική σειρά</subfield>
   <subfield code="p">72708</subfield>
   <subfield code="q">72708</subfield>
   <subfield code="t">NOLOAN</subfield>
   <subfield code="v">τεύχ.374:(Μήνες)Ιούλ./Αύγ.;(Έτος)2011</subfield>
   <subfield code="y">23</subfield>
  </datafield>
  <datafield tag="852" ind1=" " ind2=" ">
   <subfield code="a">INST</subfield>
   <subfield code="b">UNIPILB</subfield>
   <subfield code="c">SERIALS</subfield>
   <subfield code="e">20111031</subfield>
   <subfield code="h">Αλφαβητική σειρά</subfield>
   <subfield code="p">73168</subfield>
   <subfield code="q">73168</subfield>
   <subfield code="t">NOLOAN</subfield>
   <subfield code="v">τεύχ.375:(Μήνας)Σεπτέμβριος;(Έτος)2011</subfield>
   <subfield code="y">23</subfield>
  </datafield>
  <datafield tag="852" ind1=" " ind2=" ">
   <subfield code="a">INST</subfield>
   <subfield code="b">UNIPILB</subfield>
   <subfield code="c">SERIALS</subfield>
   <subfield code="e">20111221</subfield>
   <subfield code="h">Αλφαβητική σειρά</subfield>
   <subfield code="p">73879</subfield>
   <subfield code="q">73879</subfield>
   <subfield code="t">NOLOAN</subfield>
   <subfield code="v">τεύχ.377:(Μήνας)Νοέμβριος;(Έτος)2011</subfield>
   <subfield code="y">23</subfield>
  </datafield>
  <datafield tag="852" ind1=" " ind2=" ">
   <subfield code="a">INST</subfield>
   <subfield code="b">UNIPILB</subfield>
   <subfield code="c">SERIALS</subfield>
   <subfield code="e">20111221</subfield>
   <subfield code="h">Αλφαβητική σειρά</subfield>
   <subfield code="p">73884</subfield>
   <subfield code="q">73884</subfield>
   <subfield code="t">NOLOAN</subfield>
   <subfield code="v">τεύχ.376:(Μήνας)Οκτώβριος;(Έτος)2011</subfield>
   <subfield code="y">23</subfield>
  </datafield>
  <datafield tag="852" ind1=" " ind2=" ">
   <subfield code="a">INST</subfield>
   <subfield code="b">UNIPILB</subfield>
   <subfield code="c">SERIALS</subfield>
   <subfield code="e">20120111</subfield>
   <subfield code="h">Αλφαβητική σειρά</subfield>
   <subfield code="p">73912</subfield>
   <subfield code="q">73912</subfield>
   <subfield code="t">NOLOAN</subfield>
   <subfield code="v">τεύχ.378:(Μήνας)Δεκέμβριος;(Έτος)2011</subfield>
   <subfield code="y">23</subfield>
  </datafield>
  <datafield tag="852" ind1=" " ind2=" ">
   <subfield code="a">INST</subfield>
   <subfield code="b">UNIPILB</subfield>
   <subfield code="c">SERIALS</subfield>
   <subfield code="e">20120314</subfield>
   <subfield code="h">Αλφαβητική σειρά</subfield>
   <subfield code="p">74876</subfield>
   <subfield code="q">74876</subfield>
   <subfield code="t">NOLOAN</subfield>
   <subfield code="v">τεύχ.379:(Μήνας)Φεβρουάριος;(Έτος)2012</subfield>
   <subfield code="y">23</subfield>
  </datafield>
  <datafield tag="852" ind1=" " ind2=" ">
   <subfield code="a">INST</subfield>
   <subfield code="b">UNIPILB</subfield>
   <subfield code="c">SERIALS</subfield>
   <subfield code="e">20120424</subfield>
   <subfield code="h">Αλφαβητική σειρά</subfield>
   <subfield code="p">75248</subfield>
   <subfield code="q">75248</subfield>
   <subfield code="t">NOLOAN</subfield>
   <subfield code="v">τεύχ.380:(Μήνας)Μάρτιος;(Έτος)2012</subfield>
   <subfield code="y">23</subfield>
  </datafield>
  <datafield tag="852" ind1=" " ind2=" ">
   <subfield code="a">INST</subfield>
   <subfield code="b">UNIPILB</subfield>
   <subfield code="c">SERIALS</subfield>
   <subfield code="e">20120530</subfield>
   <subfield code="h">Αλφαβητική σειρά</subfield>
   <subfield code="p">75617</subfield>
   <subfield code="q">75617</subfield>
   <subfield code="t">NOLOAN</subfield>
   <subfield code="v">τεύχ.381:(Μήνας)Απρίλιος;(Έτος)2012</subfield>
   <subfield code="y">23</subfield>
  </datafield>
  <datafield tag="852" ind1=" " ind2=" ">
   <subfield code="a">INST</subfield>
   <subfield code="b">UNIPILB</subfield>
   <subfield code="c">SERIALS</subfield>
   <subfield code="e">20120620</subfield>
   <subfield code="h">Αλφαβητική σειρά</subfield>
   <subfield code="p">75790</subfield>
   <subfield code="q">75790</subfield>
   <subfield code="t">NOLOAN</subfield>
   <subfield code="v">τεύχ.382:(Μήνας)Μάιος;(Έτος)2012</subfield>
   <subfield code="y">23</subfield>
  </datafield>
  <datafield tag="852" ind1=" " ind2=" ">
   <subfield code="a">INST</subfield>
   <subfield code="b">UNIPILB</subfield>
   <subfield code="c">SERIALS</subfield>
   <subfield code="e">20120711</subfield>
   <subfield code="h">Αλφαβητική σειρά</subfield>
   <subfield code="p">76040</subfield>
   <subfield code="q">76040</subfield>
   <subfield code="t">NOLOAN</subfield>
   <subfield code="v">τεύχ.383:(Μήνας)Ιούνιος;(Έτος)2012</subfield>
   <subfield code="y">23</subfield>
  </datafield>
  <datafield tag="852" ind1=" " ind2=" ">
   <subfield code="a">INST</subfield>
   <subfield code="b">UNIPILB</subfield>
   <subfield code="c">SERIALS</subfield>
   <subfield code="e">20120831</subfield>
   <subfield code="h">Αλφαβητική σειρά</subfield>
   <subfield code="p">76357</subfield>
   <subfield code="q">76357</subfield>
   <subfield code="t">NOLOAN</subfield>
   <subfield code="v">τεύχ.384:(Μήνες)Ιούλ./Αύγ.;(Έτος)2012</subfield>
   <subfield code="y">23</subfield>
  </datafield>
  <datafield tag="852" ind1=" " ind2=" ">
   <subfield code="a">INST</subfield>
   <subfield code="b">UNIPILB</subfield>
   <subfield code="c">SERIALS</subfield>
   <subfield code="e">20121004</subfield>
   <subfield code="h">Αλφαβητική σειρά</subfield>
   <subfield code="p">76690</subfield>
   <subfield code="q">76690</subfield>
   <subfield code="t">NOLOAN</subfield>
   <subfield code="v">τεύχ.385:(Μήνας)Σεπτέμβριος;(Έτος)2012</subfield>
   <subfield code="y">23</subfield>
  </datafield>
  <datafield tag="852" ind1=" " ind2=" ">
   <subfield code="a">INST</subfield>
   <subfield code="b">UNIPILB</subfield>
   <subfield code="c">SERIALS</subfield>
   <subfield code="e">20121113</subfield>
   <subfield code="h">Αλφαβητική σειρά</subfield>
   <subfield code="p">77099</subfield>
   <subfield code="q">77099</subfield>
   <subfield code="t">NOLOAN</subfield>
   <subfield code="v">τεύχ.386:(Μήνας)Οκτώβριος;(Έτος)2012</subfield>
   <subfield code="y">23</subfield>
  </datafield>
  <datafield tag="852" ind1=" " ind2=" ">
   <subfield code="a">INST</subfield>
   <subfield code="b">UNIPILB</subfield>
   <subfield code="c">SERIALS</subfield>
   <subfield code="e">20121204</subfield>
   <subfield code="h">Αλφαβητική σειρά</subfield>
   <subfield code="p">77268</subfield>
   <subfield code="q">77268</subfield>
   <subfield code="t">NOLOAN</subfield>
   <subfield code="v">τεύχ.387:(Μήνας)Νοέμβριος;(Έτος)2012</subfield>
   <subfield code="y">23</subfield>
  </datafield>
  <datafield tag="852" ind1=" " ind2=" ">
   <subfield code="a">INST</subfield>
   <subfield code="b">UNIPILB</subfield>
   <subfield code="c">SERIALS</subfield>
   <subfield code="e">20130116</subfield>
   <subfield code="h">Αλφαβητική σειρά</subfield>
   <subfield code="p">77508</subfield>
   <subfield code="q">77508</subfield>
   <subfield code="t">NOLOAN</subfield>
   <subfield code="v">τεύχ.388:(Μήνας)Δεκέμβριος;(Έτος)2012</subfield>
   <subfield code="y">23</subfield>
  </datafield>
  <datafield tag="852" ind1=" " ind2=" ">
   <subfield code="a">INST</subfield>
   <subfield code="b">UNIPILB</subfield>
   <subfield code="c">SERIALS</subfield>
   <subfield code="e">20130319</subfield>
   <subfield code="h">Αλφαβητική σειρά</subfield>
   <subfield code="p">78459</subfield>
   <subfield code="q">78459</subfield>
   <subfield code="t">NOLOAN</subfield>
   <subfield code="v">τεύχ.389:(Μήνας)Φεβρουάριος;(Έτος)2013</subfield>
   <subfield code="y">23</subfield>
  </datafield>
  <datafield tag="852" ind1=" " ind2=" ">
   <subfield code="a">INST</subfield>
   <subfield code="b">UNIPILB</subfield>
   <subfield code="c">SERIALS</subfield>
   <subfield code="e">20130415</subfield>
   <subfield code="h">Αλφαβητική σειρά</subfield>
   <subfield code="p">79057</subfield>
   <subfield code="q">79057</subfield>
   <subfield code="t">NOLOAN</subfield>
   <subfield code="v">τεύχ.390:(Μήνας)Μάρτιος;(Έτος)2013</subfield>
   <subfield code="y">23</subfield>
  </datafield>
  <datafield tag="852" ind1=" " ind2=" ">
   <subfield code="a">INST</subfield>
   <subfield code="b">UNIPILB</subfield>
   <subfield code="c">SERIALS</subfield>
   <subfield code="e">20130514</subfield>
   <subfield code="h">Αλφαβητική σειρά</subfield>
   <subfield code="p">79458</subfield>
   <subfield code="q">79458</subfield>
   <subfield code="t">NOLOAN</subfield>
   <subfield code="v">τεύχ.391:(Μήνας)Απρίλιος;(Έτος)2013</subfield>
   <subfield code="y">23</subfield>
  </datafield>
  <datafield tag="852" ind1=" " ind2=" ">
   <subfield code="a">INST</subfield>
   <subfield code="b">UNIPILB</subfield>
   <subfield code="c">SERIALS</subfield>
   <subfield code="e">20130604</subfield>
   <subfield code="h">Αλφαβητική σειρά</subfield>
   <subfield code="p">79919</subfield>
   <subfield code="q">79919</subfield>
   <subfield code="t">NOLOAN</subfield>
   <subfield code="v">τεύχ.392:(Μήνας)Μάιος;(Έτος)2013</subfield>
   <subfield code="y">23</subfield>
  </datafield>
  <datafield tag="852" ind1=" " ind2=" ">
   <subfield code="a">INST</subfield>
   <subfield code="b">UNIPILB</subfield>
   <subfield code="c">SERIALS</subfield>
   <subfield code="e">20130829</subfield>
   <subfield code="h">Αλφαβητική σειρά</subfield>
   <subfield code="p">80766</subfield>
   <subfield code="q">80766</subfield>
   <subfield code="t">NOLOAN</subfield>
   <subfield code="v">τεύχ.394:(Μήνες)Ιούλ./Αύγ.;(Έτος)2013</subfield>
   <subfield code="y">23</subfield>
  </datafield>
  <datafield tag="852" ind1=" " ind2=" ">
   <subfield code="a">INST</subfield>
   <subfield code="b">UNIPILB</subfield>
   <subfield code="c">SERIALS</subfield>
   <subfield code="e">20131014</subfield>
   <subfield code="h">Αλφαβητική σειρά</subfield>
   <subfield code="p">81072</subfield>
   <subfield code="q">81072</subfield>
   <subfield code="t">NOLOAN</subfield>
   <subfield code="v">τεύχ.395:(Μήνας)Σεπτέμβριος;(Έτος)2013</subfield>
   <subfield code="y">23</subfield>
  </datafield>
  <datafield tag="852" ind1=" " ind2=" ">
   <subfield code="a">INST</subfield>
   <subfield code="b">UNIPILB</subfield>
   <subfield code="c">SERIALS</subfield>
   <subfield code="e">20131113</subfield>
   <subfield code="h">Αλφαβητική σειρά</subfield>
   <subfield code="p">81329</subfield>
   <subfield code="q">81329</subfield>
   <subfield code="t">NOLOAN</subfield>
   <subfield code="v">τεύχ.396:(Μήνας)Οκτώβριος;(Έτος)2013</subfield>
   <subfield code="y">23</subfield>
  </datafield>
  <datafield tag="852" ind1=" " ind2=" ">
   <subfield code="a">INST</subfield>
   <subfield code="b">UNIPILB</subfield>
   <subfield code="c">SERIALS</subfield>
   <subfield code="e">20131216</subfield>
   <subfield code="h">Αλφαβητική σειρά</subfield>
   <subfield code="p">81663</subfield>
   <subfield code="q">81663</subfield>
   <subfield code="t">NOLOAN</subfield>
   <subfield code="v">τεύχ.397:(Μήνας)Νοέμβριος;(Έτος)2013</subfield>
   <subfield code="y">23</subfield>
  </datafield>
  <datafield tag="852" ind1=" " ind2=" ">
   <subfield code="a">INST</subfield>
   <subfield code="b">UNIPILB</subfield>
   <subfield code="c">SERIALS</subfield>
   <subfield code="e">20140129</subfield>
   <subfield code="h">Αλφαβητική σειρά</subfield>
   <subfield code="p">81955</subfield>
   <subfield code="q">81955</subfield>
   <subfield code="t">NOLOAN</subfield>
   <subfield code="v">τεύχ.398:(Μήνας)Δεκέμβριος;(Έτος)2013</subfield>
   <subfield code="y">23</subfield>
  </datafield>
  <datafield tag="856" ind1="4" ind2="1">
   <subfield code="u">http://www.hrima.gr</subfield>
  </datafield>
  <datafield tag="900" ind1=" " ind2=" ">
   <subfield code="a">Τχ. 399 (Ιανουάριος 2014)</subfield>
   <subfield code="b">Οφειλόμενο</subfield>
   <subfield code="c">13/06/2017</subfield>
  </datafield>
  <datafield tag="900" ind1=" " ind2=" ">
   <subfield code="a">Τχ. 335 (Σεπτέμβριος 2007)</subfield>
   <subfield code="b">Οφειλόμενο</subfield>
   <subfield code="c">20/12/2007</subfield>
  </datafield>
  <datafield tag="900" ind1=" " ind2=" ">
   <subfield code="a">Τχ. 340 (Φεβρουάριος 2008)</subfield>
   <subfield code="b">Οφειλόμενο</subfield>
   <subfield code="c">18/05/2008</subfield>
  </datafield>
  <datafield tag="900" ind1=" " ind2=" ">
   <subfield code="a">Τχ. 393 (Ιούνιος 2013)</subfield>
   <subfield code="b">Οφειλόμενο</subfield>
   <subfield code="c">18/09/2013</subfield>
  </datafield>
  <datafield tag="950" ind1=" " ind2=" ">
   <subfield code="a">01/01/2004</subfield>
   <subfield code="c">ΜΕΤΑPUBLICATIONS Α.Ε.</subfield>
   <subfield code="d">10</subfield>
  </datafield>
  <datafield tag="951" ind1=" " ind2=" ">
   <subfield code="a">Κορυφαίοι διαμεσολαβούντες της ασφαλιστικής αγοράς 2012</subfield>
   <subfield code="b">Supplements</subfield>
  </datafield>
  <datafield tag="951" ind1=" " ind2=" ">
   <subfield code="a">Tχ.143(Ιουλ. 1994) -  (τχ.294(Δεκ. 2003)</subfield>
   <subfield code="b">Main run</subfield>
  </datafield>
  <datafield tag="951" ind1=" " ind2=" ">
   <subfield code="a">Τχ. 295 (Ιανουάριος 2004)</subfield>
   <subfield code="b">Main run</subfield>
  </datafield>
  <datafield tag="951" ind1=" " ind2=" ">
   <subfield code="a">Τχ. 296 (Φεβρουάριος 2004) - Τχ. 300 (Ιούνιος 2004)</subfield>
   <subfield code="b">Main run</subfield>
  </datafield>
  <datafield tag="951" ind1=" " ind2=" ">
   <subfield code="a">Τχ. 301 (Ιούλ./Αύγ. 2004)</subfield>
   <subfield code="b">Main run</subfield>
  </datafield>
  <datafield tag="951" ind1=" " ind2=" ">
   <subfield code="a">Τχ. 302 (Σεπτέμβριος 2004) - Τχ. 311 (Ιούνιος 2005)</subfield>
   <subfield code="b">Main run</subfield>
  </datafield>
  <datafield tag="951" ind1=" " ind2=" ">
   <subfield code="a">Τχ. 312 (Ιούλ./Αύγ. 2005)</subfield>
   <subfield code="b">Main run</subfield>
  </datafield>
  <datafield tag="951" ind1=" " ind2=" ">
   <subfield code="a">Τχ. 313 (Σεπτέμβριος 2005) - Τχ. 333 (Ιούνιος 2007)</subfield>
   <subfield code="b">Main run</subfield>
  </datafield>
  <datafield tag="951" ind1=" " ind2=" ">
   <subfield code="a">Τχ. 334 (Ιούλ./Αύγ. 2007)</subfield>
   <subfield code="b">Main run</subfield>
  </datafield>
  <datafield tag="951" ind1=" " ind2=" ">
   <subfield code="a">Τχ. 336 (Οκτώβριος 2007) - Τχ. 338 (Δεκέμβριος 2007)</subfield>
   <subfield code="b">Main run</subfield>
  </datafield>
  <datafield tag="951" ind1=" " ind2=" ">
   <subfield code="a">Τχ. 339  (Ιαν./Φεβ. 2008)</subfield>
   <subfield code="b">Main run</subfield>
  </datafield>
  <datafield tag="951" ind1=" " ind2=" ">
   <subfield code="a">Τχ. 340 (Μάρτιος 2008) - Τχ. 343 (Ιούνιος 2008)</subfield>
   <subfield code="b">Main run</subfield>
  </datafield>
  <datafield tag="951" ind1=" " ind2=" ">
   <subfield code="a">Τχ. 344 (Ιούλ./Αύγ. 2008)</subfield>
   <subfield code="b">Main run</subfield>
  </datafield>
  <datafield tag="951" ind1=" " ind2=" ">
   <subfield code="a">Τχ. 345 (Σεπτέμβριος 2008) - Τχ. 353 (Ιούνιος 2009)</subfield>
   <subfield code="b">Main run</subfield>
  </datafield>
  <datafield tag="951" ind1=" " ind2=" ">
   <subfield code="a">Τχ. 354 (Ιούλ./Αύγ. 2009)</subfield>
   <subfield code="b">Main run</subfield>
  </datafield>
  <datafield tag="951" ind1=" " ind2=" ">
   <subfield code="a">Τχ. 355 (Σεπτέμβριος 2009) - Τχ. 363 (Ιούνιος 2010)</subfield>
   <subfield code="b">Main run</subfield>
  </datafield>
  <datafield tag="951" ind1=" " ind2=" ">
   <subfield code="a">Τχ. 364 (Ιούλ./Αύγ. 2010)</subfield>
   <subfield code="b">Main run</subfield>
  </datafield>
  <datafield tag="951" ind1=" " ind2=" ">
   <subfield code="a">Τχ. 365 (Σεπτέμβριος 2010) - Τχ. 368 (Δεκέμβριος 2010)</subfield>
   <subfield code="b">Main run</subfield>
  </datafield>
  <datafield tag="951" ind1=" " ind2=" ">
   <subfield code="a">Τχ. 369  (Ιαν./Φεβ. 2011)</subfield>
   <subfield code="b">Main run</subfield>
  </datafield>
  <datafield tag="951" ind1=" " ind2=" ">
   <subfield code="a">Τχ. 370 (Μάρτιος 2011) - Τχ. 373 (Ιούνιος 2011)</subfield>
   <subfield code="b">Main run</subfield>
  </datafield>
  <datafield tag="951" ind1=" " ind2=" ">
   <subfield code="a">Τχ. 374 (Ιούλ./Αύγ. 2011)</subfield>
   <subfield code="b">Main run</subfield>
  </datafield>
  <datafield tag="951" ind1=" " ind2=" ">
   <subfield code="a">Τχ. 375 (Σεπτέμβριος 2011) - Τχ. 383 (Ιούνιος 2012)</subfield>
   <subfield code="b">Main run</subfield>
  </datafield>
  <datafield tag="951" ind1=" " ind2=" ">
   <subfield code="a">Τχ. 384 (Ιούλ./Αύγ. 2012)</subfield>
   <subfield code="b">Main run</subfield>
  </datafield>
  <datafield tag="951" ind1=" " ind2=" ">
   <subfield code="a">Τχ. 385 (Σεπτέμβριος 2012) - Τχ. 392 (Μάϊος 2013)</subfield>
   <subfield code="b">Main run</subfield>
  </datafield>
  <datafield tag="951" ind1=" " ind2=" ">
   <subfield code="a">Τχ. 394 (Ιούλ./Αύγ. 2013)</subfield>
   <subfield code="b">Main run</subfield>
  </datafield>
  <datafield tag="951" ind1=" " ind2=" ">
   <subfield code="a">Τχ. 395 (Σεπτέμβριος 2013) - Τχ. 398 (Δεκέμβριος 2013)</subfield>
   <subfield code="b">Main run</subfield>
  </datafield>
  <datafield tag="951" ind1=" " ind2=" ">
   <subfield code="a">Οδηγός κεφαλαιαγοράς &amp; χρηματαγοράς 2005</subfield>
   <subfield code="b">Supplements</subfield>
  </datafield>
  <datafield tag="951" ind1=" " ind2=" ">
   <subfield code="a">Οδηγός κεφαλαιαγοράς &amp; χρηματαγοράς 2003</subfield>
   <subfield code="b">Supplements</subfield>
  </datafield>
  <datafield tag="951" ind1=" " ind2=" ">
   <subfield code="a">Οδηγός κεφαλαιαγοράς &amp; χρηματογοράς 2004</subfield>
   <subfield code="b">Supplements</subfield>
  </datafield>
  <datafield tag="952" ind1=" " ind2=" ">
   <subfield code="a">(280)2002, (290)2003</subfield>
  </datafield>
 </record>
</collection>
